Normal view
MARC view
- Prisoners of war
Entry Topical Term
001 - CONTROL NUMBER
- control field: 35778
003 - CONTROL NUMBER IDENTIFIER
- control field: IT-RoPau
005 - DATE AND TIME OF LATEST TRANSACTION
- control field: 20150814114541.0
008 - FIXED-LENGTH DATA ELEMENTS
- fixed length control field: 150814|| aca||aabn | a|a d
040 ## - CATALOGING SOURCE
- Original cataloging agency: IT-RoPau
- Transcribing agency: IT-RoPau
150 ## - HEADING--TOPICAL TERM
- Topical term or geographic name entry element: Prisoners of war
- Geographic subdivision: Germany
- Form subdivision: Diaries.
670 ## - SOURCE DATA FOUND
- Source citation: Work cat.: (IT-RoPau)0: Dietrich, Alessandro, 1916-1985. 35772, Baracche :, 2007.